000 00683nam a2200265Ia 4500
001 9845
005 20240113234233.0
007 ta
008 130320s1949 ii g b000 u 465 u
040 _aCotton College Assam
041 _aeng
082 _a891.22409
_bJ 559 K
100 _aJhala, G.C. .
245 0 _aKalidasa: A Study /
_cG.C. Jhala.
_hTextual Documents
250 _a2nd ed /
260 _aSl :
_bPadma Publications ,
_c1949.
300 _a190p. ;
_c18cm..
504 _aBib.
653 _aSanskrit literature-Criticism
653 _aSanskrit drama-Criticism
653 _aMS-Sanskrit
942 _2ddc
_cBK
999 _c9832
_d9832